القيم الإسلامية في كتب اللغة العربية والدراسات الإجتماعية للحلقة الأولى من التعليم الأساسي في سلطنة عمان /
محفوظ في:
| المؤلف الرئيسي: | |
|---|---|
| مؤلفون آخرون: | |
| التنسيق: | أطروحة |
| اللغة: | Arabic |
| منشور في: |
Urdun :
al-Jami'ah al-Urduniyah,
2002
|
| الموضوعات: | |
| الوسوم: |
إضافة وسم
لا توجد وسوم, كن أول من يضع وسما على هذه التسجيلة!
|
| LEADER | 016760000a22003010004500 | ||
|---|---|---|---|
| 008 | 131111s2002 jo f 000 0 ara d | ||
| 040 | |a UIAM |b eng | ||
| 041 | |a ara | ||
| 050 | 0 | 0 | |a LA1434 |
| 100 | 1 | |a خزيري، عادل بن محمد بن علي | |
| 242 | 1 | 3 | |a al-Qiyam al-Islamiyah fi kutub al-lughah al-'Arabiyah wa al-dirasat al-ijtima'iyah lil-halaqah al-ula min al-ta'lim al-asasi fi Sultanat 'Umman |
| 245 | 1 | 2 | |a القيم الإسلامية في كتب اللغة العربية والدراسات الإجتماعية للحلقة الأولى من التعليم الأساسي في سلطنة عمان / |c إعداد، عادل بن محمد بن علي الخزيري |
| 260 | |a Urdun : |b al-Jami'ah al-Urduniyah, |c 2002 | ||
| 300 | |a xii, 152 leaves ; |c 30 cm. | ||
| 500 | |a "قدمت هذه الرسالة إستكمالا لمتطلبات الحصول على درجة الماجستير في المناهج وأساليب التدريس كلية الدراسات العليا" --On t.p. | ||
| 500 | |a Abstract in English and Arabic. | ||
| 500 | |a Blank leaves ( leaves 149-152). | ||
| 502 | |a Thesis (M.A.)--Jami'at Urduniyah, 2002. | ||
| 504 | |a Includes bibliographical references (leaves 117-124). | ||
| 596 | |a 1 | ||
| 650 | 0 | |a Islamic education |z Oman | |
| 650 | 0 | |a Education |z Oman | |
| 655 | |a Theses, Facsimile edition (Islamic) | ||
| 700 | 1 | |a Khuzayri, 'Adil ibn Muhammad ibn 'Ali | |
| 900 | |a arf-ls | ||
| 999 | |c 435634 |c 435634 |d 467144 |d 467144 | ||
| 999 | |c 435634 |c 435634 |d 467144 |d 467144 | ||
| 952 | |0 0 |6 TI LA 001434 K45Q 2002 |7 0 |8 THESES |9 758360 |a IIUM |b IIUM |c MULTIMEDIA |g 278.00 |o ti LA 1434 K45Q 2002 |p 00011274161 |r 2017-10-23 |t 1 |v 278.00 |y THESIS | ||
